000
00330 a2200157 4500
001
62686
020
_a
9788502222496
040
_c
Anchieta - Pituba
100
_a
Salvador, Edgard
240
1
0
_a
Química, volume 3
_l
por
245
1
0
_a
Química, volume 3
300
_a
606
362
0
_a
2014
650
4
_a
Química
942
_c
BK
999
_c
62686
_d
62686